000 00743nam a2200229 4500
001 178449
003 ES-MaACL
005 20240129115324.0
008 110527s2009 sp |||| | spa d
020 _a978-84-613-2905-2
080 _a821.134.2(82)-32"19"
100 1 _aYupanqui, Atahualpa.
_9146806
245 1 3 _aEl canto del viento /
_cAtahualpa Yupanqui.
250 _a1ª ed.
260 _aColmenar Viejo, Madrid :
_bTres de Trébol ;
_a[San Luis, Argentina] :
_bNueva Editorial Universitaria,
_c2009.
300 _a233 p. ;
_c21 cm.
500 _aGlosario.
852 _aES-MaACL
_jA-11260
_9185309
_bR.145635
_cDEPO1
_dOlim: N-4264
942 _2udc
_cMONOGRAFIA
999 _c178449
_d178449